Prayers of peace (Record no. 14951)

MARC details
000 -LEADER
fixed length control field 00526cam a22001931a 4500
001 - CONTROL NUMBER
control field ca 17000340
003 - CONTROL NUMBER IDENTIFIER
control field DLC
005 - DATE AND TIME OF LATEST TRANSACTION
control field 20260227111101.0
008 - FIXED-LENGTH DATA ELEMENTS--GENERAL INFORMATION
fixed length control field 850621s1914 nyu 000 0 eng
010 ## - LIBRARY OF CONGRESS CONTROL NUMBER
LC control number ca 17000340
035 ## - SYSTEM CONTROL NUMBER
System control number (OCoLC)12183214
040 ## - CATALOGING SOURCE
Original cataloging agency DLC
Transcribing agency OYU
Modifying agency DLC
042 ## - AUTHENTICATION CODE
Authentication code premarc
050 00 - LIBRARY OF CONGRESS CALL NUMBER
Classification number PR5488
Item number .P7
100 1# - MAIN ENTRY--PERSONAL NAME
Personal name Stevenson, Robert Louis,
Dates associated with a name 1850-1894.
245 10 - TITLE STATEMENT
Title Prayers of peace
Statement of responsibility, etc. [by] Stevenson.
260 ## - PUBLICATION, DISTRIBUTION, ETC.
Place of publication, distribution, etc. New York,
Name of publisher, distributor, etc. Cupples & Leon company
Date of publication, distribution, etc. [1914?]
300 ## - PHYSICAL DESCRIPTION
Extent 12 p.
Other physical details col. illus.
Dimensions 19 cm.

No items available.

Powered by Koha